<?xml version="1.0" encoding="UTF-8"?>
<record
    xmlns:xsi="http://www.w3.org/2001/XMLSchema-instance"
    xsi:schemaLocation="http://www.loc.gov/MARC21/slim http://www.loc.gov/standards/marcxml/schema/MARC21slim.xsd"
    xmlns="http://www.loc.gov/MARC21/slim">

  <leader>00538cam a22002052a 4500</leader>
  <controlfield tag="001">  000192</controlfield>
  <controlfield tag="003">  AR-FADEU</controlfield>
  <controlfield tag="008">  311216n1977####xxu####################dd</controlfield>
  <datafield tag="020" ind1=" " ind2=" ">
    <subfield code="a">950-602-000-0</subfield>
  </datafield>
  <datafield tag="092" ind1=" " ind2=" ">
    <subfield code="a">302.301.9</subfield>
    <subfield code="b">P593p</subfield>
  </datafield>
  <datafield tag="100" ind1=" " ind2=" ">
    <subfield code="a">Pichon-Riviere, Enrique</subfield>
  </datafield>
  <datafield tag="245" ind1=" " ind2=" ">
    <subfield code="a">El proceso grupal : Del psicoan&#xE1;lisis a la psicolog&#xED;a social. Tomo 1</subfield>
  </datafield>
  <datafield tag="260" ind1=" " ind2=" ">
    <subfield code="a">Buenos Aires</subfield>
  </datafield>
  <datafield tag="260" ind1=" " ind2=" ">
    <subfield code="b">Nueva Visi&#xF3;n</subfield>
  </datafield>
  <datafield tag="260" ind1=" " ind2=" ">
    <subfield code="c">1977-93</subfield>
  </datafield>
  <datafield tag="300" ind1=" " ind2=" ">
    <subfield code="a">213 p</subfield>
  </datafield>
  <datafield tag="440" ind1=" " ind2=" ">
    <subfield code="a">Nueva Visi&#xF3;n</subfield>
  </datafield>
  <datafield tag="650" ind1=" " ind2=" ">
    <subfield code="a">PSICOLOGIA SOCIAL-GRUPO</subfield>
  </datafield>
  <datafield tag="942" ind1=" " ind2=" ">
    <subfield code="c">BDGR</subfield>
  </datafield>
  <datafield tag="999" ind1=" " ind2=" ">
    <subfield code="c">6036</subfield>
    <subfield code="d">6036</subfield>
  </datafield>
  <datafield tag="952" ind1=" " ind2=" ">
    <subfield code="0">0</subfield>
    <subfield code="1">0</subfield>
    <subfield code="4">0</subfield>
    <subfield code="7">0</subfield>
    <subfield code="a">AR-FADEU</subfield>
    <subfield code="b">AR-FADEU</subfield>
    <subfield code="d">2017-02-20</subfield>
    <subfield code="i">9692</subfield>
    <subfield code="l">0</subfield>
    <subfield code="o">302.301.9 P593p</subfield>
    <subfield code="p">9692</subfield>
    <subfield code="r">2017-02-20 00:00:00</subfield>
    <subfield code="w">2017-02-20</subfield>
    <subfield code="y">BDGR</subfield>
  </datafield>
  <datafield tag="952" ind1=" " ind2=" ">
    <subfield code="0">0</subfield>
    <subfield code="1">0</subfield>
    <subfield code="4">0</subfield>
    <subfield code="7">0</subfield>
    <subfield code="a">AR-FADEU</subfield>
    <subfield code="b">AR-FADEU</subfield>
    <subfield code="d">2017-02-20</subfield>
    <subfield code="i">9696</subfield>
    <subfield code="l">0</subfield>
    <subfield code="o">302.301.9 P593p</subfield>
    <subfield code="p">9696</subfield>
    <subfield code="r">2017-02-20 00:00:00</subfield>
    <subfield code="w">2017-02-20</subfield>
    <subfield code="y">BDGR</subfield>
  </datafield>
  <datafield tag="952" ind1=" " ind2=" ">
    <subfield code="0">0</subfield>
    <subfield code="1">0</subfield>
    <subfield code="4">0</subfield>
    <subfield code="7">0</subfield>
    <subfield code="a">AR-FADEU</subfield>
    <subfield code="b">AR-FADEU</subfield>
    <subfield code="d">2017-02-20</subfield>
    <subfield code="i">9697</subfield>
    <subfield code="l">0</subfield>
    <subfield code="o">302.301.9 P593p</subfield>
    <subfield code="p">9697</subfield>
    <subfield code="r">2017-02-20 00:00:00</subfield>
    <subfield code="w">2017-02-20</subfield>
    <subfield code="y">BDGR</subfield>
  </datafield>
  <datafield tag="952" ind1=" " ind2=" ">
    <subfield code="0">0</subfield>
    <subfield code="1">0</subfield>
    <subfield code="4">0</subfield>
    <subfield code="7">0</subfield>
    <subfield code="a">AR-FADEU</subfield>
    <subfield code="b">AR-FADEU</subfield>
    <subfield code="d">2017-02-20</subfield>
    <subfield code="i">N12233</subfield>
    <subfield code="l">0</subfield>
    <subfield code="o">302.301.9 P593p</subfield>
    <subfield code="p">N12233</subfield>
    <subfield code="r">2017-02-20 00:00:00</subfield>
    <subfield code="w">2017-02-20</subfield>
    <subfield code="y">BDGR</subfield>
  </datafield>
  <datafield tag="952" ind1=" " ind2=" ">
    <subfield code="0">0</subfield>
    <subfield code="1">0</subfield>
    <subfield code="4">0</subfield>
    <subfield code="7">0</subfield>
    <subfield code="a">AR-FADEU</subfield>
    <subfield code="b">AR-FADEU</subfield>
    <subfield code="d">2017-02-20</subfield>
    <subfield code="i">8656</subfield>
    <subfield code="l">0</subfield>
    <subfield code="o">302.301.9 P593p</subfield>
    <subfield code="p">8656</subfield>
    <subfield code="r">2017-02-20 00:00:00</subfield>
    <subfield code="w">2017-02-20</subfield>
    <subfield code="y">BDGR</subfield>
  </datafield>
  <datafield tag="952" ind1=" " ind2=" ">
    <subfield code="0">0</subfield>
    <subfield code="1">0</subfield>
    <subfield code="4">0</subfield>
    <subfield code="7">0</subfield>
    <subfield code="a">AR-FADEU</subfield>
    <subfield code="b">AR-FADEU</subfield>
    <subfield code="d">2017-02-20</subfield>
    <subfield code="i">8657</subfield>
    <subfield code="l">0</subfield>
    <subfield code="o">302.301.9 P593p</subfield>
    <subfield code="p">8657</subfield>
    <subfield code="r">2017-02-20 00:00:00</subfield>
    <subfield code="w">2017-02-20</subfield>
    <subfield code="y">BDGR</subfield>
  </datafield>
  <datafield tag="952" ind1=" " ind2=" ">
    <subfield code="0">0</subfield>
    <subfield code="1">0</subfield>
    <subfield code="4">0</subfield>
    <subfield code="7">0</subfield>
    <subfield code="a">AR-FADEU</subfield>
    <subfield code="b">AR-FADEU</subfield>
    <subfield code="d">2017-02-20</subfield>
    <subfield code="i">3750</subfield>
    <subfield code="l">0</subfield>
    <subfield code="o">302.301.9 P593p</subfield>
    <subfield code="p">3750</subfield>
    <subfield code="r">2017-02-20 00:00:00</subfield>
    <subfield code="w">2017-02-20</subfield>
    <subfield code="y">BDGR</subfield>
  </datafield>
  <datafield tag="952" ind1=" " ind2=" ">
    <subfield code="0">0</subfield>
    <subfield code="1">0</subfield>
    <subfield code="4">0</subfield>
    <subfield code="7">0</subfield>
    <subfield code="a">AR-FADEU</subfield>
    <subfield code="b">AR-FADEU</subfield>
    <subfield code="d">2017-02-20</subfield>
    <subfield code="i">4323</subfield>
    <subfield code="l">0</subfield>
    <subfield code="o">302.301.9 P593p</subfield>
    <subfield code="p">4323</subfield>
    <subfield code="r">2017-02-20 00:00:00</subfield>
    <subfield code="w">2017-02-20</subfield>
    <subfield code="y">BDGR</subfield>
  </datafield>
  <datafield tag="952" ind1=" " ind2=" ">
    <subfield code="0">0</subfield>
    <subfield code="1">0</subfield>
    <subfield code="4">0</subfield>
    <subfield code="7">0</subfield>
    <subfield code="a">AR-FADEU</subfield>
    <subfield code="b">AR-FADEU</subfield>
    <subfield code="d">2017-02-20</subfield>
    <subfield code="i">12780</subfield>
    <subfield code="l">0</subfield>
    <subfield code="o">302.301.9 P593p</subfield>
    <subfield code="p">12780</subfield>
    <subfield code="r">2017-02-20 00:00:00</subfield>
    <subfield code="w">2017-02-20</subfield>
    <subfield code="y">BDGR</subfield>
  </datafield>
  <datafield tag="952" ind1=" " ind2=" ">
    <subfield code="0">0</subfield>
    <subfield code="1">0</subfield>
    <subfield code="4">0</subfield>
    <subfield code="7">0</subfield>
    <subfield code="a">AR-FADEU</subfield>
    <subfield code="b">AR-FADEU</subfield>
    <subfield code="d">2017-02-20</subfield>
    <subfield code="i">3749</subfield>
    <subfield code="l">0</subfield>
    <subfield code="o">302.301.9 P593p</subfield>
    <subfield code="p">3749</subfield>
    <subfield code="r">2017-02-20 00:00:00</subfield>
    <subfield code="w">2017-02-20</subfield>
    <subfield code="y">BDGR</subfield>
  </datafield>
  <datafield tag="952" ind1=" " ind2=" ">
    <subfield code="0">0</subfield>
    <subfield code="1">0</subfield>
    <subfield code="4">0</subfield>
    <subfield code="7">0</subfield>
    <subfield code="a">AR-FADEU</subfield>
    <subfield code="b">AR-FADEU</subfield>
    <subfield code="d">2017-02-20</subfield>
    <subfield code="i">12924</subfield>
    <subfield code="l">0</subfield>
    <subfield code="o">302.301.9 P593p</subfield>
    <subfield code="p">12924</subfield>
    <subfield code="r">2017-02-20 00:00:00</subfield>
    <subfield code="w">2017-02-20</subfield>
    <subfield code="y">BDGR</subfield>
  </datafield>
</record>
